000 00922nam a2200253Ia 4500
003 GCL
008 140319s9999 xx 000 0 ara d
020 _a0153009977
040 _aGCL /
_cGCL
082 0 4 _a953
_bأ ع
100 1 _aاحمد داود اوغلو
245 1 0 _aالعالم الاسلامى فى مهب التحولات الحضارية /
_cاحمد داود اوغلو
700 1 _aإبراهيم البيومى
250 _aالاولى
260 _aالقاهرة :
_bمكتبة الشروق الدولية ،
_c2006
300 _a208 ص ؛
_c24 سم
650 0 4 _aالتاريخ الاسلامى
650 0 4 _aالاسلام والاصلاح السياسى
650 0 4 _aالاسلام والاصلاح الاقتصادى
650 0 4 _aالحضارة الاسلامية
650 0 4 _aالنظام العالمى الجديد
650 0 4 _aالاسلام واوربا
942 _2ddc
_cBK
999 _c9255
_d9255